Shopping for leisure (Record no. 63209)

MARC details
000 -LEADER
fixed length control field 00780cam a2200217 4500
001 - CONTROL NUMBER
control field ABS62229
008 - FIXED-LENGTH DATA ELEMENTS--GENERAL INFORMATION
fixed length control field 000000n2000 000 0 eng u
035 ## - SYSTEM CONTROL NUMBER
System control number (Sirsi) u105497
100 ## - MAIN ENTRY--PERSONAL NAME
Personal name Wood, T.
245 ## - TITLE STATEMENT
Title Shopping for leisure
260 ## - PUBLICATION, DISTRIBUTION, ETC.
Date of publication, distribution, etc. 2000
490 ## - SERIES STATEMENT
Series statement Leisure Management
Volume/sequential designation 20(4) April 2000, 38-40(3)
520 ## - SUMMARY, ETC.
Summary, etc. Examines how retail parks are adapting to include leisure facilities in the light of a report "Shopping meets leisure 2000" by TW Research Associates and Lunson Mitchenall. Includes a listing of the schemes over 45,000 sq ft. (Report available for loan from RICS Library)
590 ## - LOCAL NOTE (RLIN)
Local note ABS
650 ## - SUBJECT ADDED ENTRY--TOPICAL TERM
Topical term or geographic name entry element RETAIL PARKS
650 ## - SUBJECT ADDED ENTRY--TOPICAL TERM
Topical term or geographic name entry element LEISURE
650 ## - SUBJECT ADDED ENTRY--TOPICAL TERM
Topical term or geographic name entry element CINEMAS
650 ## - SUBJECT ADDED ENTRY--TOPICAL TERM
Topical term or geographic name entry element BOWLING ALLEYS
690 ## - LOCAL SUBJECT ADDED ENTRY--TOPICAL TERM (OCLC, RLIN)
Topical term or geographic name as entry element LEISURE AND RECREATION
942 ## - ADDED ENTRY ELEMENTS (KOHA)
Suppress in OPAC 0
Holdings
Withdrawn status Lost status Source of classification or shelving scheme Damaged status Not for loan Home library Current library Shelving location Date acquired Total Checkouts Full call number Barcode Date last seen Copy number Price effective from Koha item type
    Dewey Decimal Classification     London London Journal article 20/04/2000   ABS62229 105497-1001 06/08/2019 1 06/08/2019 Journal article